Statistiques concernant « Ô Canada » - quiz de paroles

Cliquez ici pour prendre le quiz!

Statistiques générales

  • Ce quiz a été pris 2,353 fois
    (2,318 depuis la dernière actualisation)
  • Le résultat moyen est 21 sur 37

Statistiques - réponses

Canada % Correct
Ô
97%
Canada
97%
de
80%
Terre
75%
la
74%
nos
72%
est
70%
ton
67%
Ton
67%
Il
64%
aïeux
61%
Des
59%
une
59%
front
58%
glorieux.
57%
Et
57%
Car
57%
et
57%
porter
54%
histoire
54%
plus
54%
sait
53%
bras
53%
croix
52%
épopée
52%
exploits
51%
l'épée,
50%
fleurons
49%
brillants
48%
ta
44%
ceint
39%
foi
38%
droits
38%
Protégera
37%
valeur
36%
foyers
36%
trempée
32%

Distribution des résultats

Percentile par nombre de réponses

% des personnes avec chaque résultat

Votre développement - résultats

Vous n’avez pas pris ce quiz depuis la dernière actualisation